Quizzes
Events
Quiz Creation
Community
Videos
Private Events
Remove Ads
Sign In
Join for FREE
Feedback
Dark Mode
Quiz Categories
Sports
Geography
Music
Movies
Television
Just For Fun
Miscellaneous
History
Literature
Language
Science
Gaming
Entertainment
Religion
Holiday
For Kids
Quiz Lab
Recent
Popular Today
Quiz Kudos Today
Editor Picks
Curator Picks
Quizzes by...
Day
Popularity
Type
Ratings
Length
Year
Community
Subscriptions
Recent Discussions
Orange Saloon
Badges
Playlists
Quests
Create
Leaderboards
Showdown
Live 5
Trivia Bingo
Activity
Puzzle Library
Sporcle Events
Private Events
Virtual Trivia
Globe League
Become a Host
Pub Owners
SporcleCon
Opinionation
Our Games
Videos
Blog
Mobile Apps
Partnerships
Remove Ads and Go Orange
Feedback
Gaming
Video Games
Board Games
Card Games
Pokémon
Mario
Nintendo
Minecraft
Console
Toys
Legend of Zelda
Gaming
Video Games
Board Games
Card Games
Pokémon
Mario
Nintendo
Minecraft
Console
Toys
Legend of Zelda
Random Quiz
Search Sporcle
×
Quiz Lab
Quiz Lab
Gaming
Pokémon
Type in answers that appear in a list
Type in answers that appear in a list
Classic
Best Score? Go Orange.
Pokémon: Flying-type Moves Stats
Can you name the Flying-type Moves in Pokémon?
By
rodriguesraony
5m
26 Questions
780 Plays
780 Plays
780 Plays
Comments
Comments
Give Quiz Kudos
Give Quiz Kudos
-
- Ratings
hide this ad
More Info
Replay
Link that replays current quiz
Next Quiz
Link to next quiz in quiz playlist
You Got
0%
They Got
Avg Score
78%
Avg Friend Score
Upgrade to see
Score Distribution
Jump to the score distribution portion of the page
Score
0/26
Timer
05:00
0
Plays Today
Gen
Move
% Correct
Gen I
Peck
95.9%
Gen I
Wing Attack
95.6%
Gen I
Fly
95.3%
Gen I
Gust
91.3%
Gen II
Aeroblast
89.7%
Gen I
Drill Peck
89.4%
Gen IV
Brave Bird
88.5%
Gen IV
Air Slash
88.3%
Gen I
Sky Attack
86.8%
Gen IV
Chatter
86.7%
Gen III
Aerial Ace
86%
Gen III
Bounce
84.1%
Gen V
Hurricane
82.8%
Gen
Move
% Correct
Gen VII
Beak Blast
82.7%
Gen VI
Dragon Ascent
82.2%
Gen VI
Oblivion Wing
77.4%
Gen IV
Roost
76%
Gen III
Air Cutter
75.8%
Gen V
Acrobatics
75.1%
Gen IV
Tailwind
72.6%
Gen III
Feather Dance
70.8%
Gen V
Sky Drop
64%
Gen I
Mirror Move
63.7%
Gen VII
Supersonic Skystrike
58.7%
Gen IV
Pluck
55.6%
Gen IV
Defog
53.7%
Quiz Playlist
Details
Report
Send in Message
Add To Playlist
More Info:
Test your Pokémon knowledge! In this quiz you can try to guess all Flying-type Pokémon Moves seeing only two species that learn said move!
Classic:
Type in answers that appear in a list
Last Updated: Feb 16, 2017
Quiz Scoreboard
CHALLENGE
Sign Up to Join the Scoreboard
Show All
Scores
Hide
Comments
May contain spoilers
Recently Published
Billboard Blitz: Fleetwood Mac
by CooCooCachoo
Music
15s
Presidents Visiting Landmarks
by Hejman
History
7m
An Introduction to Baseball
by treessimontrees
Sports
5m
More to Explore
Quiz From the Vault
Featured Blog Post
Where Did the Easter Bunny Come From?
hide this ad
You Might Also Like...
Tags
Pokémon Quiz
Flying
Flying Pokémon
gen
Learn
Today's Top Quizzes in Gaming
Browse Gaming
hide this ad
Today's Top Quizzes in Pokémon
Browse Pokémon
Top Contributed Quizzes in Gaming
1
5-to-1: Consoles
2
7-to-1: Board Game Piece Blitz
3
5-to-1: Legend of Zelda
4
Destiny 2 exotic weapons by perk icons
5
League of Legends Pro Players by Career/Team History
6
Ultimate Genshin Impact Logic Puzzle (up to 4.3)
7
Franchise by Action Figure
8
Genshin Impact Logic Puzzle Quiz
9
Who's on the WWE 2K24 Cover?
10
Overwatch Logic Puzzle
Explore More
Trending Topics
Disney
Anime
NBA
Harry Potter
Kpop
Crossword
Marvel
Pokémon
The Office
NFL
Song
Puzzle
Soccer
WWE
Country
hide this ad
More By:
rodriguesraony
Quiz
Plays
Rating
Category
Featured
Created
Pokémon: Fire-type Moves
991
Gaming
Sep 15, 2016
Pokémon: Dragon-type Moves
949
Gaming
Sep 15, 2016
Pokémon: Water-type Moves
928
Gaming
Sep 15, 2016
Pokémon: Grass-type Moves
884
5.00
Gaming
Sep 15, 2016
Pokémon: Ghost-type Moves
878
2.75
Gaming
Sep 15, 2016
Go to Creator's Profile
Score Distribution
Quiz Creator Spotlight
rodriguesraony
Follow
Send a Message
Quizzes Created
-
Created Quiz Play Count
-
More By This Creator
Popular Quizzes Today
1
Find the US States - No Outlines Minefield
2
Find the Countries of Europe - No Outlines Minefield
3
The Countries of the World
4
Find the US States
5
US States
6
Risky Map Clicking: Biggest States A-Z
7
Popular People in 1961
8
Movies - When Are They Set?
More Gaming Quizzes
20 Questions Wrong: Gaming
Published
Trending Quizzes
Risky Map Clicking: Least Populous States A-Z
1-10 Letter G Words
1-10 Letter F Words
Risky Map Clicking: Next State Alphabetically
Risky Map Clicking: Biggest States A-Z
Recently Updated
Leaping Animals
pecheneg
Reality TV Shows (A-Z)
bhenderson79
Rickey Henderson's Hall of Fame Teammates
pecheneg
Champions League XIs: Arsenal
pecheneg
Quick Pick: Celebrities in WWE's Hall of Fame
aduchscher
A-Z Keypad Blitz II
pecheneg
Multiple Oscar Actors
pecheneg
Mystery Phrase Blitz: Oscar 'Best Actors'
pecheneg
F. Scott Fitzgerald Novels
LTH
Pick 3 Villains
ddd62291
Trending Topics
Kpop
Marvel
Disney
NBA
Crossword
Harry Potter
Anime
NFL
Song
Puzzle
The Office
Country
Pokémon
Soccer
WWE
Your Account Isn't Verified!
In order to create a playlist on Sporcle, you need to verify the email address you used during registration. Go to your
Sporcle Settings
to finish the process.
Report this User
Report this user for behavior that violates our
Community Guidelines
.
Details:
Send Report
Go to the Sporcle.com Mobile Site →
Comments